[Event "6th Uppsala Young Champions 2019"]
[Site "Uppsala"]
[Date "2019.10.26"]
[Round "2.14"]
[White "Thorhallsson, Simon"]
[Black "Grahn, Vidar"]
[Result "1-0"]
[WhiteElo "2190"]
[BlackElo "1926"]
[Annotator "NA"]
[PlyCount "59"]
[EventDate "2019.10.25"]
[EventType "swiss"]
[EventCountry "SWE"]
[SourceTitle "playchess.com"]
[Source "ChessBase"]
[SourceQuality "1"]
[TimeControl "5400+30"]

{[%evp 8,58,2,6,20,1,3,-8,16,6,17,11,20,20,120,116,124,87,131,73,49,41,84,62,69,30,45,57,48,47,61,22,128,116,32767,32767,32767,32767,32767,153,209,222,238,32767,32767,323,341,32767,32767,32767,32767,32767,772]} 1. d4 {[%emt 1:30:30]} d5 {[%emt 1:30:30]} 2. Bf4 {[%emt 0:00:30]} Nf6 {[%emt 0:00:30]} 3. Nc3 {[%emt 0:00:30]} c6 {[%emt 0:00:30]} 4. e3 {[%emt 0:00:30]} Bf5 {[%emt 0:00:30]} (4... Nbd7 5. Bd3 g6 6. h3 Bg7 7. Nf3 O-O 8. O-O b6 9. e4 dxe4 10. Nxe4 Bb7 11. Re1 Nxe4 12. Bxe4 Nf6 13. Bd3 c5 14. dxc5 bxc5 15. Ne5 Qb6 {1-0 (48) Firouzja,A (2682)-Vidit,S (2707) Xingtai 2019}) 5. Bd3 {[%emt 0:00:30]} Bxd3 {[%emt 0:00:30]} 6. Qxd3 {[%emt 0:00:30] D00: 1 d4 d5: Unusual lines} e6 {[%emt 0:00:30]} 7. Nf3 {[%emt 0:00:30]} Bb4 {[%emt 0:00:30]} 8. O-O {[%emt 0:00:30]} O-O {[%emt 0:00:30]} 9. Ne2 {[%emt 0:00:30]} Ne4 $146 {[%emt 0:00:30]} ({Predecessor:} 9... Nbd7 10. Qb3 Qb6 11. c3 Ba5 12. Qxb6 Bxb6 {0-1 (20) Smith,E-Lacunza,M IECG email 2002}) 10. c4 {[%emt 0:00:30]} f5 {[%emt 0:00:30] [#]} (10... g5 $11 {remains equal.}) 11. Qb3 $1 {[%emt 0:00:30]} Qe7 {[%emt 0:00:30]} 12. c5 {[%emt 0:00:30]} Ba5 {[%emt 0:00:30] [#]} 13. Bd6 {[%emt 0:00:30]} (13. Ng3 $142 $1 {[%cal Rg3e4]} Qd7 14. Bd6 Nxd6 15. Ne5 (15. cxd6 Qxd6 16. Qxb7 Nd7 $14)) 13... Nxd6 {[%emt 0:00:30]} 14. cxd6 {[%emt 0:00:30]} Qxd6 {[%emt 0:00:30]} 15. Qxb7 {[%emt 0:00:30]} Nd7 {[%emt 0:00:30]} 16. Nf4 {[%emt 0:00:30]} Rfb8 {[%emt 0:00:30]} 17. Qa6 {[%emt 0:00:30]} Bc7 {[%emt 0:00:30]} 18. Rac1 {[%emt 0:00:30]} Rb6 {[%emt 0:00:30]} 19. Qa4 {[%emt 0:00:30]} Rab8 {[%emt 0:00:30] [#]} (19... Rxb2 $11 20. Rxc6 Nb6 21. Rxd6 Nxa4) 20. Nd3 $1 {[%emt 0:00:30]} ({Of course not} 20. Qxa7 $6 Rxb2 21. g3 R2b7 $14) 20... Rb5 {[%emt 0:00:30]} 21. Qc2 {[%emt 0:00:30]} R5b6 {[%emt 0:00:30]} 22. b4 {[%emt 0:00:30]} g5 {[%emt 0:00:30] [#]} 23. a4 $1 {[%emt 0:00:30]} g4 {[%emt 0:00:30]} (23... Rc8 $16) 24. Nfe5 $1 {[%emt 0:00:30]} Nxe5 {[%emt 0:00:30]} 25. dxe5 {[%emt 0:00:30]} Qe7 {[%emt 0:00:30] [#]} 26. a5 $1 {[%emt 0:00:30]} Rb5 {[%emt 0:00:30]} 27. Qxc6 {[%emt 0:00:30]} Bd8 {[%emt 0:00:30]} 28. Qa6 {[%emt 0:00:30]} Qf7 {[%emt 0:00:30]} 29. Rc8 {[%emt 0:00:30]} Kg7 $18 {[%emt 0:00:30]} (29... Qd7 $142) 30. Rxd8 {[%emt 0:00:30]} 1-0

[Event "6th Uppsala Young Champions 2019"]
[Site "Uppsala"]
[Date "2019.10.26"]
[Round "2.15"]
[White "Rasti, Arvin"]
[Black "Dingertz, Erik"]
[Result "1-0"]
[WhiteElo "2179"]
[BlackElo "1908"]
[Annotator "NA"]
[PlyCount "69"]
[EventDate "2019.10.25"]
[EventType "swiss"]
[EventCountry "SWE"]
[SourceTitle "playchess.com"]
[Source "ChessBase"]
[SourceQuality "1"]
[TimeControl "5400+30"]

{[%evp 15,69,11,88,72,76,64,102,118,109,120,247,139,119,87,141,112,129,47,91,23,68,82,130,121,252,268,403,208,229,97,381,32767,32767,32767,32767,32767,32767,31,81,54,279,32767,337,32767,32767,320,32767,32767,32767,134,126,137,32767,113,456,510]} 1. Nf3 {[%emt 1:30:30]} Nf6 {[%emt 1:30:30]} 2. g3 {[%emt 0:00:30]} g6 {[%emt 0:00:30]} 3. Bg2 {[%emt 0:00:30]} Bg7 {[%emt 0:00:30]} 4. O-O {[%emt 0:00:30]} O-O {[%emt 0:00:30]} 5. c4 {[%emt 0:00:30]} c5 {[%emt 0:00:30]} 6. Nc3 {[%emt 0:00:30]} Nc6 {[%emt 0:00:30]} 7. d4 {[%emt 0:00:30]} d6 {[%emt 0:00:30]} 8. d5 {[%emt 0:00:30]} Nb8 {[%emt 0:00:30]} (8... Na5 $1 $11 {keeps the balance.}) 9. Qc2 {[%emt 0:00:30] E66: King's Indian: Fianchetto: 6...c5 7 0-0 Nc6 8 d5} Nbd7 {[%emt 0:00:30]} 10. e4 {[%emt 0:00:30]} (10. Bf4 a6 11. e4 b5 12. cxb5 axb5 13. Nxb5 Ba6 14. a4 Rb8 15. Nd2 Bxb5 16. axb5 Qb6 {1-0 (27) Berdnyk,M (2247)-Kopriva,M (2031) Pardubice 2019}) 10... e6 $146 {[%emt 0:00:30]} ({Predecessor:} 10... Ng4 11. Qe2 Nde5 12. Nxe5 Nxe5 13. Bf4 a6 14. Bxe5 Bxe5 15. f4 Bg7 16. e5 Qc7 {½-½ (30) Aydin,A (1271)-Kaya,E (1276) Konya 2019}) 11. dxe6 {[%emt 0:00:30]} fxe6 {[%emt 0:00:30]} 12. Rd1 {[%emt 0:00:30]} Nb6 {[%emt 0:00:30]} (12... Qe7 $16 {is a better defense.}) 13. Nb5 {[%emt 0:00:30]} ({Better is} 13. e5 $18) 13... d5 {[%emt 0:00:30]} 14. cxd5 {[%emt 0:00:30]} exd5 {[%emt 0:00:30]} 15. exd5 {[%emt 0:00:30]} Nfxd5 {[%emt 0:00:30]} 16. Qxc5 {[%emt 0:00:30]} (16. Ng5 $16) 16... Bg4 {[%emt 0:00:30]} 17. Qa3 {[%emt 0:00:30]} (17. Bf4 $5) 17... a6 {[%emt 0:00:30]} 18. Nbd4 {[%emt 0:00:30]} Nc4 {[%emt 0:00:30]} 19. Qb3 {[%emt 0:00:30]} b5 {[%emt 0:00:30]} (19... Na5 $16 {was necessary.} 20. Qc2 Rc8) 20. h3 {[%emt 0:00:30]} Bd7 {[%emt 0:00:30]} (20... Na5 {keeps fighting.} 21. Qa3 Bxf3 22. Nxf3 (22. Bxf3 b4 $18) 22... b4) 21. Bg5 {[%emt 0:00:30]} (21. Ng5 $142 Ndb6 22. Bxa8 Bxd4 23. Rxd4 Qxa8 24. Qd1) 21... Qb6 {[%emt 0:00:30] [#]} 22. Rac1 $2 {[%emt 0:00:30]} (22. Ne5 $1 $18 {[%mdl 512]} Bxe5 (22... Nxe5 23. Bxd5+) 23. Bxd5+ Kh8 24. Nf3) 22... h6 $2 {[%emt 0:00:30]} (22... Kh8 $16) 23. Bd2 {[%emt 0:00:30]} Rac8 {[%emt 0:00:30]} 24. Bc3 {[%emt 0:00:30]} Nxc3 {[%emt 0:00:30]} 25. bxc3 {[%emt 0:00:30]} Kh8 {[%emt 0:00:30]} 26. Qc2 {[%emt 0:00:30]} Rce8 {[%emt 0:00:30]} 27. Re1 {[%emt 0:00:30]} Bc8 $2 {[%emt 0:00:30]} ({Black should try} 27... g5 $14) 28. Nh4 {[%emt 0:00:30]} Rxe1+ {[%emt 0:00:30]} 29. Rxe1 Bxd4 {[%emt 0:00:30]} 30. cxd4 {[%emt 0:01:00]} Bf5 {[%emt 0:00:30]} 31. Be4 {[%emt 0:00:30]} Bxe4 {[%emt 0:00:30]} 32. Qxe4 {[%emt 0:00:30]} (32. Rxe4 $18 {and the rest is easy.} Rf6 33. Re8+ Kg7 34. Qe4 (34. Re7+ Rf7 $18)) 32... Kg7 {[%emt 0:00:30]} 33. Re2 {[%emt 0:00:30]} Qf6 {[%emt 0:00:30]} 34. Ng2 {[%emt 0:00:30]} Rd8 $18 {[%emt 0:00:30]} (34... Qf3 $16 {is more resistant.}) 35. Nf4 {[%emt 0:00:30]} 1-0

[Event "6th Uppsala Young Champions 2019"]
[Site "Uppsala"]
[Date "2019.10.26"]
[Round "2.16"]
[White "Carlsson, Ludvig"]
[Black "Skahlberg Bjerknes-Lima de Far, Warg"]
[Result "1-0"]
[WhiteElo "2066"]
[BlackElo "1637"]
[Annotator "NA"]
[PlyCount "86"]
[EventDate "2019.10.25"]
[EventType "swiss"]
[EventCountry "SWE"]
[SourceTitle "playchess.com"]
[Source "ChessBase"]
[SourceQuality "1"]
[TimeControl "5400+30"]

{[%evp 8,86,32,12,32,19,30,27,34,4,60,33,51,32,43,28,52,43,58,29,29,25,31,27,36,13,3,0,9,32767,32767,32767,32767,32767,23,32767,32767,357,32767,360,331,32767,32767,326,32767,382,32767,32767,32767,389,32767,32767,367,32767,32767,413,32767,32767,32767,680,32767,32767,661,688,32767,621,548,732,32767,32767,32767,32767,32767,32767,32767,1114,32767,5731,892,32767,12469]} 1. Nf3 {[%emt 1:30:30]} Nf6 {[%emt 1:30:30]} 2. c4 {[%emt 0:00:30]} c5 {[%emt 0:00:30]} 3. g3 {[%emt 0:00:30]} Nc6 {[%emt 0:00:30]} 4. Bg2 {[%emt 0:00:30]} g6 {[%emt 0:00:30]} 5. b3 {[%emt 0:00:30]} Bg7 {[%emt 0:00:30]} 6. Bb2 {[%emt 0:00:30]} O-O {[%emt 0:00:30]} 7. O-O {[%emt 0:00:30]} d6 {[%emt 0:00:30]} 8. Nc3 {[%emt 0:00:30]} Bf5 {[%emt 0:00:30]} 9. d4 {[%emt 0:00:30] A38: Symmetrical English vs ...g6: 4 Bg2 Bg7 5 Nf3 Nf6} cxd4 {[%emt 0:00:30]} (9... Ne4 10. e3 Qa5 11. Qc1 Nf6 12. Rd1 Nb4 13. Ne1 cxd4 14. Rxd4 Nc6 15. Rd2 Rfc8 16. Nd5 Nxd5 17. Rxd5 Bxb2 18. Qxb2 {0-1 (71) Meier,G (2647)-Kovalenko,I (2635) Tallinn 2018}) 10. Nxd4 {[%emt 0:00:30]} Bd7 {[%emt 0:00:30]} 11. e3 {[%emt 0:00:30]} Qc8 {[%emt 0:00:30]} 12. Rc1 $146 {[%emt 0:00:30]} ({Predecessor:} 12. Re1 Bh3 13. Bh1 Qd7 14. Nce2 e5 15. Nb5 Rfd8 16. e4 Ng4 {½-½ (52) Gamback,B (2142)-Bit Narva,D (1877) Stockholm 2014}) 12... Bh3 {[%emt 0:00:30]} 13. Nd5 {[%emt 0:00:30]} Bxg2 $1 {[%emt 0:00:30]} 14. Kxg2 {[%emt 0:00:30]} Qd7 {[%emt 0:00:30]} 15. Nxc6 {[%emt 0:00:30]} Nxd5 {[%emt 0:00:30]} 16. cxd5 {[%emt 0:00:30]} (16. Nd4 $5 {[%cal Rc4d5]} Nc7 17. Qd2 $11) 16... Bxb2 {[%emt 0:00:30]} 17. Rc2 {[%emt 0:00:30]} Bg7 {[%emt 0:00:30]} 18. Na5 {[%emt 0:00:30]} Rac8 {[%emt 0:00:30]} 19. Nc4 {[%emt 0:00:30]} Rc5 {[%emt 0:00:30]} 20. Qd3 {[%emt 0:00:30]} Rfc8 {[%emt 0:00:30]} 21. Rfc1 {[%emt 0:00:30]} Qc7 {[%emt 0:00:30]} 22. b4 {[%emt 0:00:30]} Bb2 {[%emt 0:00:30]} 23. bxc5 {[%emt 0:00:30]} Bxc1 {[%emt 0:00:30]} 24. Rxc1 {[%emt 0:00:30]} Qxc5 {[%emt 0:00:30]} 25. Rc2 {[%emt 0:00:30]} Qb5 {[%emt 0:00:30]} 26. Ne5 {[%emt 0:00:30]} Qe8 {[%emt 0:00:30]} 27. Rxc8 {[%emt 0:00:30]} Qxc8 {[%emt 0:00:30]} 28. Qc4 {[%emt 0:00:30]} Qf5 {[%emt 0:00:30]} 29. Nf3 {[%emt 0:00:30]} a6 {[%emt 0:00:30]} 30. a4 {[%emt 0:00:30]} g5 {[%emt 0:00:30]} 31. g4 {[%emt 0:00:30]} Qd7 {[%emt 0:00:30]} 32. Nxg5 {[%emt 0:00:30]} h6 {[%emt 0:00:30]} 33. Nf3 {[%emt 0:00:30]} b5 {[%emt 0:00:30]} 34. axb5 {[%emt 0:00:30]} axb5 {[%emt 0:00:30]} 35. Qf4 {[%emt 0:00:30]} Qb7 {[%emt 0:00:30]} 36. Qxh6 {[%emt 0:00:30]} Qxd5 {[%emt 0:00:30]} 37. Qg5+ {[%emt 0:00:30]} Qxg5 {[%emt 0:00:30]} 38. Nxg5 {[%emt 0:00:30]} b4 {[%emt 0:00:30]} 39. Ne4 {[%emt 0:00:30]} b3 {[%emt 0:00:30]} 40. Nd2 {[%emt 0:00:30]} b2 {[%emt 0:00:30]} 41. f4 {[%emt 0:00:30]} e6 {[%emt 0:00:30]} 42. Kf3 {[%emt 0:00:30]} Kg7 {[%emt 0:00:30]} 43. Ke2 {[%emt 0:00:30]} Kf6 $18 {[%emt 0:00:30]} 1-0

[Event "6th Uppsala Young Champions 2019"]
[Site "Uppsala"]
[Date "2019.10.26"]
[Round "3.1"]
[White "Mihajlov, Sebastian"]
[Black "Palozza, Christian"]
[Result "1-0"]
[WhiteElo "2387"]
[BlackElo "2187"]
[Annotator "TA"]
[PlyCount "89"]
[EventDate "2019.10.25"]
[EventType "swiss"]
[EventCountry "SWE"]
[SourceTitle "playchess.com"]
[Source "ChessBase"]
[SourceQuality "1"]

{[%evp 9,101,0,11,7,10,16,36,12,110,54,50,41,121,120,116,103,104,112,105,98,109,110,101,111,102,97,91,99,133,122,121,134,166,159,161,150,166,158,160,140,146,127,126,130,148,124,127,132,131,115,131,131,215,239,237,200,213,211,505,186,337,197,357,344,416,367,449,538,676,642,627,589,1418,487,2364,1989,12835,12835,12831,12833,12832,12832,12841,12842,12837,12835,12837,12836,12836,12834,12840,12839,12847,12839]} 1. d4 e6 2. c4 Nf6 3. Nc3 Bb4 4. e3 O-O 5. Bd2 Re8 (5... d5 6. Nf3 b6 7. cxd5 exd5 8. Bd3 Bd6 9. O-O Bb7 10. Qb1 Nbd7 11. b4 a6 12. a4 c6 13. Rc1 Re8 14. e4 dxe4 15. Nxe4 Bf8 16. a5 g6 17. Bg5 Be7 {½-½ (43) Grischuk,A (2759)-Bok,B (2640) Khanty-Mansiysk 2019}) 6. Nf3 {E46: Nimzo-Indian: Rubinstein: 4 e3 0-0 5 Ne2 without early Bd3} d5 7. Bd3 Nbd7 8. O-O {White is slightly better.} b6 {[#]} (8... dxc4 $11 {keeps the balance.} 9. Bxc4 b6) 9. cxd5 (9. Nxd5 $1 $16 Bxd2 10. Nxf6+ Nxf6 11. Qxd2 (11. Nxd2 Bb7 $16)) 9... exd5 $14 10. Nxd5 $146 ({Predecessor:} 10. Qb3 Bxc3 11. bxc3 Bb7 12. c4 Qe7 13. Rac1 c5 14. Rfe1 dxc4 15. Bxc4 {½-½ (28) Rygg,S (1865)-Clark,I (2053) London 2014}) 10... Bxd2 ({Better is} 10... Nxd5 $14 11. Qb3 {[%mdl 64] Double Attack} Bb7 12. Bxb4 Nxb4 13. Qxb4 c5 14. dxc5 Bxf3 15. gxf3 Nxc5) 11. Nxf6+ $16 Qxf6 12. Qxd2 Bb7 13. Qe2 c5 14. Bb5 Re7 15. Rfd1 cxd4 16. Rxd4 Nc5 17. Rad1 {Rd8+ is the strong threat.} g6 18. Rd6 Bxf3 19. Qxf3 Qxf3 20. gxf3 g5 21. R1d5 Ne6 22. Bc4 Rc8 23. b3 {[%cal Bb2b3,Bb3b4][%mdl 32]} Rc5 24. Rxc5 Nxc5 {[%mdl 4096] Endgame KRB-KRN} 25. b4 Nd7 26. Kg2 Kg7 27. Bb5 Ne5 28. Kg3 Ng6 29. Bd3 Rc7 30. a4 Kf8 (30... Ne5 $16 {was called for.} 31. Be4 Rc4) 31. a5 $18 bxa5 32. bxa5 Ke7 {[#]} 33. Ra6 $1 f6 $2 (33... Nf8 34. Bf5 Ne6) 34. Be4 $2 (34. Bxg6 hxg6 35. e4) 34... Kf7 $2 (34... Ne5 35. Bd5 (35. Bxh7 $2 Nd7 $19) 35... Rd7) 35. h3 (35. Bxg6+ $142 Kxg6 36. f4) 35... Kg7 $2 (35... h5 36. f4 gxf4+ 37. exf4 Kg7) 36. Bxg6 hxg6 {KR-KR} 37. h4 gxh4+ 38. Kxh4 {White is clearly winning.} Rc4+ 39. f4 Rc7 40. e4 Rb7 41. Kg4 (41. e5 $142 fxe5 42. fxe5) 41... Rc7 (41... Re7 $142 42. e5 fxe5 43. fxe5 Rxe5 44. Rxa7+ Kh6) 42. e5 fxe5 43. fxe5 Kh6 44. f4 Rf7 45. Rf6 {Played: Ra6-c6} 1-0

[Event "6th Uppsala Young Champions 2019"]
[Site "Uppsala"]
[Date "2019.10.26"]
[Round "3.2"]
[White "Abdrlauf, Elham"]
[Black "Papunidi, Matvey"]
[Result "1-0"]
[WhiteElo "2213"]
[BlackElo "2083"]
[Annotator "NA"]
[PlyCount "89"]
[EventDate "2019.10.25"]
[EventType "swiss"]
[EventCountry "SWE"]
[SourceTitle "playchess.com"]
[Source "ChessBase"]
[SourceQuality "1"]
[TimeControl "5400+30"]

1. e4 {[%emt 0:01:14]} c5 {[%emt 0:00:04]} 2. Nf3 {[%emt 0:00:11]} Nc6 {[%emt 0:00:06]} 3. d4 {[%emt 0:00:06]} cxd4 {[%emt 0:00:03]} 4. Nxd4 {[%emt 0:00:03]} g6 {[%emt 0:00:06]} 5. Nc3 {[%emt 0:00:09]} Bg7 {[%emt 0:00:14]} 6. Be3 {[%emt 0:00:02]} Nf6 {[%emt 0:00:05]} 7. Bc4 {[%emt 0:00:10]} O-O {[%emt 0:00:15]} 8. Bb3 {[%emt 0:00:01]} Re8 {[%emt 0:00:24]} 9. O-O {[%emt 0:00:34]} d6 {[%emt 0:00:20]} 10. Nxc6 {[%emt 0:21:37]} bxc6 {[%emt 0:00:08]} 11. f4 {[%emt 0:00:31]} Ng4 {[%emt 0:19:32]} 12. Bd4 {[%emt 0:00:08]} Bxd4+ {[%emt 0:00:03]} 13. Qxd4 {[%emt 0:00:04]} Qb6 {[%emt 0:00:01]} 14. Qxb6 {[%emt 0:00:20]} axb6 {[%emt 0:00:02]} 15. h3 {[%emt 0:00:02]} Nf6 {[%emt 0:00:45]} 16. e5 {[%emt 0:00:06]} Nd7 {[%emt 0:01:43]} 17. e6 {[%emt 0:02:18]} fxe6 {[%emt 0:00:06]} 18. Bxe6+ {[%emt 0:00:04]} Kg7 {[%emt 0:00:07]} 19. Rfe1 {[%emt 0:00:56]} Nc5 {[%emt 0:03:33]} 20. Bxc8 {[%emt 0:00:02]} Raxc8 {[%emt 0:00:04]} 21. b4 {[%emt 0:00:34]} Na6 {[%emt 0:03:10]} 22. a3 {[%emt 0:00:04]} b5 {[%emt 0:00:13]} 23. Re2 {[%emt 0:01:34]} Nc7 {[%emt 0:01:40]} 24. a4 {[%emt 0:00:31]} bxa4 {[%emt 0:04:14]} 25. Rxa4 {[%emt 0:01:12]} Ra8 {[%emt 0:14:50]} 26. Rxa8 {[%emt 0:00:50]} Nxa8 {[%emt 0:00:06]} 27. Ne4 {[%emt 0:00:15]} Nc7 {[%emt 0:00:08]} 28. c4 {[%emt 0:00:55]} d5 {[%emt 0:03:36]} 29. Nc5 {[%emt 0:02:41]} dxc4 {[%emt 0:11:11]} 30. Rc2 {[%emt 0:00:08]} e5 {[%emt 0:01:32]} 31. fxe5 {[%emt 0:00:32]} Rxe5 {[%emt 0:00:04]} 32. Rxc4 {[%emt 0:00:11]} Nd5 {[%emt 0:01:29]} 33. Na6 {[%emt 0:00:49]} Re6 {[%emt 0:04:05]} 34. Kf2 {[%emt 0:01:11]} Kf7 {[%emt 0:01:21]} 35. g3 {[%emt 0:00:28]} Kg7 {[%emt 0:04:10]} 36. h4 {[%emt 0:00:22]} h5 {[%emt 0:00:41]} 37. Nc5 {[%emt 0:04:05]} Re7 {[%emt 0:04:43]} 38. Nd3 {[%emt 0:01:28]} Re6 {[%emt 0:05:34]} 39. Rd4 {[%emt 0:02:31]} Nf6 {[%emt 0:03:27]} 40. Nf4 {[%emt 0:01:04]} Re5 {[%emt 0:02:50]} 41. Kf3 {[%emt 0:04:54]} Ng4 {[%emt 0:07:24]} 42. Rd7+ {[%emt 0:01:48]} Kh6 {[%emt 0:00:09]} 43. Rd6 {[%emt 0:00:22]} Re3+ {[%emt 0:00:04]} 44. Kg2 {[%emt 0:00:07]} Ne5 {[%emt 0:00:04]} 45. Re6 {[%emt 0:00:18]} 1-0

[Event "6th Uppsala Young Champions 2019"]
[Site "Uppsala"]
[Date "2019.10.26"]
[Round "3.3"]
[White "Falkevall, Axel"]
[Black "Nilsson, Joakim"]
[Result "0-1"]
[WhiteElo "2036"]
[BlackElo "2305"]
[Annotator "NA"]
[PlyCount "96"]
[EventDate "2019.10.25"]
[EventType "swiss"]
[EventCountry "SWE"]
[SourceTitle "playchess.com"]
[Source "ChessBase"]
[SourceQuality "1"]
[TimeControl "5400+30"]

1. e4 {[%emt 0:00:00]} c5 {[%emt 0:00:00]} 2. c3 {[%emt 0:00:00]} d5 {[%emt 0:00:00]} 3. exd5 {[%emt 0:00:00]} Qxd5 {[%emt 0:00:03]} 4. d4 {[%emt 0:00:02]} Nc6 {[%emt 0:00:09]} 5. Nf3 {[%emt 0:00:09]} Bg4 {[%emt 0:00:19]} 6. Be2 {[%emt 0:00:08]} cxd4 {[%emt 0:00:07]} 7. cxd4 {[%emt 0:00:04]} e6 {[%emt 0:00:13]} 8. Nc3 {[%emt 0:00:05]} Bb4 {[%emt 0:00:08]} 9. O-O {[%emt 0:00:08]} Qa5 {[%emt 0:00:20]} 10. Be3 {[%emt 0:05:13]} Bxc3 {[%emt 0:02:45]} 11. bxc3 {[%emt 0:00:06]} Nge7 {[%emt 0:00:34]} 12. Qb3 {[%emt 0:07:34]} Qc7 {[%emt 0:01:38]} 13. Rab1 {[%emt 0:04:02]} b6 {[%emt 0:08:33]} 14. Rfd1 {[%emt 0:05:45]} O-O {[%emt 0:05:10]} 15. h3 {[%emt 0:03:34]} Bxf3 {[%emt 0:01:36]} 16. Bxf3 {[%emt 0:00:16]} Rac8 {[%emt 0:00:06]} 17. Rbc1 {[%emt 0:06:09]} Na5 {[%emt 0:01:51]} 18. Qc2 {[%emt 0:03:17]} Nc4 {[%emt 0:00:43]} 19. Qe2 {[%emt 0:06:40]} Nd5 {[%emt 0:06:10]} 20. Bxd5 {[%emt 0:01:54]} exd5 {[%emt 0:00:09]} 21. Qf3 {[%emt 0:03:22]} Qd7 {[%emt 0:01:36]} 22. Re1 {[%emt 0:03:29]} Rfe8 {[%emt 0:01:11]} 23. Bf4 {[%emt 0:03:28]} Re6 {[%emt 0:02:17]} 24. Qd3 {[%emt 0:09:36]} Rce8 {[%emt 0:01:14]} 25. Bd2 {[%emt 0:01:24]} h6 {[%emt 0:10:55]} 26. Rxe6 {[%emt 0:02:42]} Rxe6 {[%emt 0:00:05]} 27. Re1 {[%emt 0:00:41]} Rxe1+ {[%emt 0:00:29]} 28. Bxe1 {[%emt 0:00:06]} Qe6 {[%emt 0:00:25]} 29. Kf1 {[%emt 0:01:37]} a5 {[%emt 0:07:54]} 30. Qe2 {[%emt 0:04:48]} Qd7 {[%emt 0:00:29]} 31. Kg1 {[%emt 0:02:16]} Qb5 {[%emt 0:01:18]} 32. Kh2 {[%emt 0:01:59]} Kf8 {[%emt 0:05:25]} 33. f3 {[%emt 0:04:45]} Qe8 {[%emt 0:00:55]} 34. Qf2 {[%emt 0:01:40]} Qe6 {[%emt 0:02:42]} 35. Kg1 {[%emt 0:02:15]} Kg8 {[%emt 0:03:32]} 36. Kh2 {[%emt 0:01:16]} f5 {[%emt 0:02:17]} 37. Bd2 {[%emt 0:02:14]} Qd6+ {[%emt 0:01:29]} 38. Kg1 {[%emt 0:02:03]} Qa3 {[%emt 0:03:15]} 39. Be1 {[%emt 0:00:54]} Qc1 {[%emt 0:00:36]} 40. Qe2 {[%emt 0:01:11]} Ne3 {[%emt 0:01:41]} 41. Kf2 {[%emt 0:02:53]} Nd1+ {[%emt 0:00:29]} 42. Kg1 {[%emt 0:00:42]} Ne3 {[%emt 0:10:25]} 43. Kf2 {[%emt 0:00:30]} f4 {[%emt 0:02:21]} 44. Bd2 {[%emt 0:02:00]} Qc2 {[%emt 0:01:50]} 45. g3 {[%emt 0:02:48]} Nd1+ {[%emt 0:03:49]} 46. Kf1 {[%emt 0:00:59]} fxg3 {[%emt 0:01:09]} 47. Qe5 {[%emt 0:01:31]} Qd3+ {[%emt 0:01:20]} 48. Kg1 {[%emt 0:00:17]} Qxf3 {[%emt 0:00:16]} 0-1

[Event "6th Uppsala Young Champions 2019"]
[Site "Uppsala"]
[Date "2019.10.26"]
[Round "3.4"]
[White "Apol, Luitjen Akselsson"]
[Black "Narva, David"]
[Result "1-0"]
[WhiteElo "2129"]
[BlackElo "1979"]
[Annotator "NA"]
[PlyCount "75"]
[EventDate "2019.10.25"]
[EventType "swiss"]
[EventCountry "SWE"]
[SourceTitle "playchess.com"]
[Source "ChessBase"]
[SourceQuality "1"]
[TimeControl "5400+30"]

1. e4 {[%emt 0:00:00]} c5 {[%emt 0:00:00]} 2. Nf3 {[%emt 0:01:35]} d6 {[%emt 0:00:59]} 3. d4 {[%emt 0:00:16]} cxd4 {[%emt 0:00:06]} 4. Nxd4 {[%emt 0:00:10]} Nc6 {[%emt 0:00:24]} 5. c4 {[%emt 0:00:41]} Nf6 {[%emt 0:00:20]} 6. Nc3 {[%emt 0:00:09]} e6 {[%emt 0:01:35]} 7. Be3 {[%emt 0:00:42]} Be7 {[%emt 0:00:49]} 8. Be2 {[%emt 0:00:48]} O-O {[%emt 0:01:50]} 9. O-O {[%emt 0:00:20]} Nxd4 {[%emt 0:01:18]} 10. Qxd4 {[%emt 0:01:11]} b6 {[%emt 0:04:53]} 11. Rfd1 {[%emt 0:01:51]} Bb7 {[%emt 0:01:23]} 12. f3 {[%emt 0:01:04]} Re8 {[%emt 0:11:04]} 13. Qd2 {[%emt 0:02:55]} d5 {[%emt 0:10:09]} 14. cxd5 {[%emt 0:02:34]} exd5 {[%emt 0:00:05]} 15. Bb5 {[%emt 0:02:54]} dxe4 {[%emt 0:00:13]} 16. Bxe8 {[%emt 0:00:10]} Qxe8 {[%emt 0:00:26]} 17. Nxe4 {[%emt 0:01:19]} Bxe4 {[%emt 0:02:41]} 18. fxe4 {[%emt 0:00:10]} Ng4 {[%emt 0:00:19]} 19. Kh1 {[%emt 0:01:51]} Bh4 {[%emt 0:16:36]} 20. h3 {[%emt 0:05:16]} Nf6 {[%emt 0:00:28]} 21. e5 {[%emt 0:00:55]} Ne4 {[%emt 0:10:22]} 22. Qd5 {[%emt 0:04:00]} Ng3+ {[%emt 0:01:29]} 23. Kh2 {[%emt 0:00:57]} Ne2 {[%emt 0:09:03]} 24. e6 {[%emt 0:03:22]} fxe6 {[%emt 0:07:35]} 25. Qc4 {[%emt 0:01:50]} Qb8+ {[%emt 0:01:15]} 26. Kh1 {[%emt 0:00:06]} Ng3+ {[%emt 0:00:23]} 27. Kg1 {[%emt 0:00:06]} Qe5 {[%emt 0:01:22]} 28. Qxh4 {[%emt 0:02:39]} Qxe3+ {[%emt 0:00:04]} 29. Kh2 {[%emt 0:00:08]} Nf5 {[%emt 0:00:50]} 30. Rd8+ {[%emt 0:01:09]} Kf7 {[%emt 0:08:55]} 31. Qh5+ {[%emt 0:01:00]} Ke7 {[%emt 0:01:40]} 32. Qe8+ {[%emt 0:00:30]} Kf6 {[%emt 0:00:46]} 33. Rxa8 {[%emt 0:00:58]} Qf4+ {[%emt 0:04:28]} 34. Kg1 {[%emt 0:00:35]} Qd4+ {[%emt 0:01:46]} 35. Kh1 {[%emt 0:00:25]} Ng3+ {[%emt 0:01:13]} 36. Kh2 {[%emt 0:00:06]} Qe5 {[%emt 0:00:35]} 37. Qb8 {[%emt 0:01:25]} Nf1+ {[%emt 0:00:20]} 38. Kg1 {[%emt 0:00:06]} 1-0